000 00457nam a2200193Ia 4500
005 20240823035353.0
008 240823s9999||||xx |||||||||||||| ||und||
020 _a978-0-143-416-524
041 _aENGLISH
082 _A808.042 Q2
100 _aDe Silva
245 0 _aSri Lanka and the Defeat of the LTTE
250 _a1st
260 _c2012
_b"Penguin Books,En"
500 _aYES
650 _aSri Lanka
_bGeneral
942 _cBK
999 _c200523
_d200523